[Event "RC-2017-0-00214"]
[Site "LSS email"]
[Date "2017.11.18"]
[Round "?"]
[White "Sierzega, Jan"]
[Black "Ederer, Karel"]
[Result "1/2-1/2"]
[WhiteElo "1696"]
[BlackElo "1869"]
[PlyCount "59"]
[EventDate "2017.08.01"]
[EventType "tourn (corr)"]
[EventRounds "6"]
[EventCountry "GER"]
[SourceTitle "Corr 2022"]
[Source "ChessBase"]
[SourceDate "2021.10.24"]
[SourceVersion "1"]
[SourceVersionDate "2021.10.24"]
[SourceQuality "1"]

1. e4 c5 2. c3 Nf6 3. e5 Nd5 4. d4 cxd4 5. Nf3 Nc6 6. cxd4 d6 7. Bc4 Nb6 8. Bb5 dxe5 9. Nxe5 Bd7 10. Nxd7 Qxd7 11. Nc3 e6 12. 0-0 Be7 13. Qg4 0-0 14. Bxc6 bxc6 15. Bh6 Bf6 16. Rfd1 Rfd8 17. Ne4 Qe7 18. Rac1 Rac8 19. h4 Rd5 20. Bg5 Nd7 21. b3 Bxg5 22. hxg5 Qd8 23. g3 Nf8 24. Kg2 Rc7 25. Qf3 Rxd4 26. Rxd4 Qxd4 27. Rd1 Qe5 28. Rd6 c5 29. Qd3 Rd7 30. Rxd7 1/2-1/2

[Event "RD-2016-0-00130"]
[Site "LSS email"]
[Date "2016.07.11"]
[Round "?"]
[White "Endean, Andrew"]
[Black "Sierzega, Jan"]
[Result "0-1"]
[WhiteElo "1575"]
[BlackElo "1563"]
[PlyCount "48"]
[EventDate "2016.02.12"]
[EventType "tourn (corr)"]
[EventRounds "6"]
[EventCountry "GER"]
[SourceTitle "Corr 2022"]
[Source "ChessBase"]
[SourceDate "2021.10.24"]
[SourceVersion "1"]
[SourceVersionDate "2021.10.24"]
[SourceQuality "1"]

1. d4 Nf6 2. c4 g6 3. Nc3 d5 4. cxd5 Nxd5 5. e4 Nxc3 6. bxc3 Bg7 7. Bc4 c5 8. Ne2 Nc6 9. Be3 0-0 10. 0-0 Bg4 11. f3 Na5 12. Bb5 cxd4 13. cxd4 Bd7 14. Bxd7 Qxd7 15. Rc1 b5 16. Bf2 Rac8 17. Qd3 a6 18. Rfd1 Nc4 19. a4 Nb2 20. Qd2 Nxd1 21. Qxd1 Rxc1 22. Qxc1 Rc8 23. Qa3 bxa4 24. g3 Qb5 0-1

[Event "SC-2016-0-00281"]
[Site "LSS email"]
[Date "2016.01.05"]
[Round "?"]
[White "Sierzega, Jan"]
[Black "Suwara, Kazimierz"]
[Result "1/2-1/2"]
[WhiteElo "1477"]
[BlackElo "1780"]
[PlyCount "143"]
[EventDate "2015.11.22"]
[EventType "tourn (corr)"]
[EventRounds "6"]
[EventCountry "GER"]
[SourceTitle "Corr 2022"]
[Source "ChessBase"]
[SourceDate "2021.10.24"]
[SourceVersion "1"]
[SourceVersionDate "2021.10.24"]
[SourceQuality "1"]

1. e4 e5 2. Nf3 Nc6 3. Bb5 a6 4. Ba4 Nf6 5. 0-0 b5 6. Bb3 Bb7 7. d3 Bd6 8. a4 0-0 9. axb5 axb5 10. Rxa8 Bxa8 11. h3 Na5 12. Ba2 b4 13. Be3 Qe7 14. Nbd2 Bc5 15. Nh4 Bxe3 16. fxe3 Kh8 17. Qe1 g6 18. Qf2 Ne8 19. Qg3 Ng7 20. Kh2 d6 21. Nhf3 f6 22. Qh4 Nc6 23. Bd5 Bb7 24. d4 Nd8 25. Bxb7 Nxb7 26. Nc4 Kg8 27. Ra1 exd4 28. exd4 d5 29. exd5 Nd6 30. Re1 Qd8 31. Ne3 Ndf5 32. Nxf5 Nxf5 33. Qe4 Kg7 34. c4 bxc3 35. bxc3 Qd6+ 36. Kg1 h5 37. Qe6 Qg3 38. Qe2 Ra8 39. Qf2 h4 40. Qb2 Qd6 41. c4 Ra4 42. Qc2 Ra3 43. Qf2 Qf4 44. Nd2 Qxf2+ 45. Kxf2 Ra2 46. Ke2 Ng3+ 47. Ke3 Nf5+ 48. Ke2 Kf8 49. Rb1 Nxd4+ 50. Kd3 Nf5 51. Rb7 Ra3+ 52. Nb3 Nd6 53. Rb4 Ke7 54. c5 Nf5 55. Kc3 g5 56. Rb7 Kd8 57. Rb8+ Kd7 58. Rh8 Ra4 59. Rh7+ Kd8 60. c6 Nd6 61. Kd2 Rf4 62. Nc5 Ne4+ 63. Nxe4 Rxe4 64. Kd3 Rf4 65. Rd7+ Kc8 66. Rf7 Kd8 67. Rh7 Rf2 68. Rd7+ Kc8 69. Rf7 Kd8 70. Rd7+ Kc8 71. Rf7 Kd8 72. Rd7+ 1/2-1/2

[Event "RD-2015-0-00122"]
[Site "LSS email"]
[Date "2015.10.23"]
[Round "?"]
[White "Sofia, Gerardo"]
[Black "Sierzega, Jan"]
[Result "0-1"]
[WhiteElo "1509"]
[BlackElo "1334"]
[PlyCount "68"]
[EventDate "2015.08.22"]
[EventType "tourn (corr)"]
[EventRounds "6"]
[EventCountry "GER"]
[SourceTitle "Corr 2022"]
[Source "ChessBase"]
[SourceDate "2021.10.24"]
[SourceVersion "1"]
[SourceVersionDate "2021.10.24"]
[SourceQuality "1"]

1. e4 c5 2. Nf3 e6 3. d4 cxd4 4. Nxd4 Nf6 5. Nc3 d6 6. Bc4 Be7 7. 0-0 Nc6 8. Be3 0-0 9. Qe2 a6 10. f4 d5 11. Nxc6 bxc6 12. Rad1 Rb8 13. Bb3 Bb4 14. e5 Bxc3 15. bxc3 Ne4 16. Qd3 a5 17. Rb1 Ra8 18. a4 Ba6 19. c4 Rb8 20. Ba2 Rb4 21. Rxb4 axb4 22. Bb3 Qc7 23. Ra1 c5 24. Qf1 d4 25. Bc1 f6 26. exf6 Rxf6 27. a5 e5 28. Qf3 Bb7 29. a6 Ba8 30. Qh5 exf4 31. Qe8+ Rf8 32. Qe6+ Kh8 33. a7 d3 34. cxd3 Qd8 0-1

[Event "RE-2015-0-00161"]
[Site "LSS email"]
[Date "2015.10.09"]
[Round "?"]
[White "Sierzega, Jan"]
[Black "Obrien, Glenn"]
[Result "1-0"]
[WhiteElo "1334"]
[BlackElo "1343"]
[PlyCount "101"]
[EventDate "2015.08.13"]
[EventType "tourn (corr)"]
[EventRounds "6"]
[EventCountry "GER"]
[SourceTitle "Corr 2022"]
[Source "ChessBase"]
[SourceDate "2021.10.24"]
[SourceVersion "1"]
[SourceVersionDate "2021.10.24"]
[SourceQuality "1"]

1. e4 e5 2. Nf3 Nc6 3. Bb5 a6 4. Ba4 Nf6 5. 0-0 Be7 6. Re1 b5 7. Bb3 0-0 8. c3 d6 9. h3 Na5 10. Bc2 c5 11. d4 Qc7 12. Nbd2 cxd4 13. cxd4 Nc6 14. a3 Bd7 15. Nb3 a5 16. Be3 a4 17. Nbd2 Rfe8 18. Bd3 Qb7 19. Qe2 Rab8 20. Rac1 exd4 21. Nxd4 Ne5 22. Bb1 Bd8 23. N4f3 Ba5 24. Nxe5 dxe5 25. Red1 Bc6 26. b4 Bd8 27. Bc5 Be7 28. Bxe7 Rxe7 29. Rc5 Rd8 30. Nf1 Rxd1 31. Qxd1 Nd7 32. Rc3 g6 33. Qc1 Re6 34. Ba2 Rd6 35. Ne3 Bxe4 36. Ng4 Kg7 37. Nh6 Bd5 38. Qg5 Be6 39. Bxe6 Rd1+ 40. Kh2 fxe6 41. Rf3 Qxf3 42. gxf3 Rd5 43. Ng4 Kf7 44. Qh6 Kg8 45. Qh4 Kg7 46. Qe7+ Kh8 47. Nh6 Rd2 48. Qf7 Rxf2+ 49. Kg1 Rf1+ 50. Kxf1 Nb6 51. Qf8# 1-0

[Event "RE-2015-0-00161"]
[Site "LSS email"]
[Date "2015.10.08"]
[Round "?"]
[White "Colombo, Antonio"]
[Black "Sierzega, Jan"]
[Result "0-1"]
[WhiteElo "1611"]
[BlackElo "1334"]
[PlyCount "112"]
[EventDate "2015.08.13"]
[EventType "tourn (corr)"]
[EventRounds "6"]
[EventCountry "GER"]
[SourceTitle "Corr 2022"]
[Source "ChessBase"]
[SourceDate "2021.10.24"]
[SourceVersion "1"]
[SourceVersionDate "2021.10.24"]
[SourceQuality "1"]

1. Nf3 Nf6 2. c4 g6 3. Nc3 Bg7 4. e4 d6 5. d4 0-0 6. Be2 e5 7. dxe5 dxe5 8. Qxd8 Rxd8 9. Bg5 Re8 10. 0-0-0 Na6 11. Ne1 Be6 12. Nc2 Nc5 13. f3 c6 14. b3 h6 15. Be3 Bf8 16. b4 Ncd7 17. Kb2 Nb6 18. Kb3 Nbd7 19. Nd5 Rec8 20. Nxf6+ Nxf6 21. Kc3 b5 22. c5 a5 23. a3 Rc7 24. Ra1 Rca7 25. g4 Kh7 26. h4 h5 27. g5 Nd7 28. Rhd1 Be7 29. Rab1 Kg8 30. Bf1 Rb8 31. Rd2 axb4+ 32. axb4 Rba8 33. Rbd1 Kg7 34. f4 Bf8 35. f5 gxf5 36. exf5 Bxf5 37. Bd3 e4 38. Be2 Kg8 39. Bd4 Bg6 40. Kb2 Ra2+ 41. Kc1 Re8 42. Bb2 Ne5 43. Rd8 Nd3+ 44. R1xd3 exd3 45. Rxe8 f6 46. Bxd3 Bxe8 47. Bxf6 Bg7 48. Kb1 Ra8 49. Bxg7 Kxg7 50. Nd4 Ra4 51. Nc2 Ra7 52. Nd4 Rd7 53. Nf5+ Kh7 54. Nd6+ Bg6 55. Kc2 Rd8 56. Kc3 Rf8 0-1

[Event "RE-2015-0-00161"]
[Site "LSS email"]
[Date "2015.10.06"]
[Round "?"]
[White "Sierzega, Jan"]
[Black "Shim Ng Min, Francis"]
[Result "1-0"]
[WhiteElo "1334"]
[BlackElo "1256"]
[PlyCount "49"]
[EventDate "2015.08.13"]
[EventType "tourn (corr)"]
[EventRounds "6"]
[EventCountry "GER"]
[SourceTitle "Corr 2022"]
[Source "ChessBase"]
[SourceDate "2021.10.24"]
[SourceVersion "1"]
[SourceVersionDate "2021.10.24"]
[SourceQuality "1"]

1. e4 c5 2. Nf3 e6 3. d4 cxd4 4. Nxd4 a6 5. Bd3 Nc6 6. Nxc6 dxc6 7. Nd2 g6 8. 0-0 Bg7 9. Qe2 Ne7 10. a4 0-0 11. a5 e5 12. Nb3 Be6 13. Nc5 Qc8 14. Bg5 Re8 15. Rfd1 Kh8 16. Nxe6 fxe6 17. Qg4 Ng8 18. Bc4 Nf6 19. Qh4 Ng8 20. Rd6 Bf8 21. Rad1 Bxd6 22. Bf6+ Nxf6 23. Qxf6+ Kg8 24. Rxd6 Qc7 25. Rxe6 1-0

[Event "BI-2015-P-0000"]
[Site "LSS email"]
[Date "2015.04.16"]
[Round "?"]
[White "Gorman, Andrew"]
[Black "Sierzega, Jan"]
[Result "0-1"]
[WhiteElo "904"]
[BlackElo "1214"]
[PlyCount "40"]
[EventDate "2015.04.22"]
[EventType "tourn (corr)"]
[EventRounds "10"]
[EventCountry "GER"]
[SourceTitle "Corr 2022"]
[Source "ChessBase"]
[SourceDate "2021.10.24"]
[SourceVersion "1"]
[SourceVersionDate "2021.10.24"]
[SourceQuality "1"]

1. e4 c5 2. Nf3 d6 3. d4 cxd4 4. c3 Nf6 5. Bd3 dxc3 6. 0-0 cxb2 7. Bxb2 e5 8. Nc3 Be7 9. h3 0-0 10. Re1 Nc6 11. Nd5 Nxd5 12. exd5 Nb4 13. Re4 Nxd3 14. Qxd3 Bf5 15. Rae1 Qd7 16. g4 Bxe4 17. Rxe4 f5 18. Nxe5 fxe4 19. Qxe4 dxe5 20. Qxe5 Bf6 0-1

[Event "BI-2015-P-0000"]
[Site "LSS email"]
[Date "2015.04.16"]
[Round "?"]
[White "Moskalenko, Eduard"]
[Black "Sierzega, Jan"]
[Result "1/2-1/2"]
[WhiteElo "2230"]
[BlackElo "1214"]
[PlyCount "49"]
[EventDate "2015.04.22"]
[EventType "tourn (corr)"]
[EventRounds "10"]
[EventCountry "GER"]
[SourceTitle "Corr 2022"]
[Source "ChessBase"]
[SourceDate "2021.10.24"]
[SourceVersion "1"]
[SourceVersionDate "2021.10.24"]
[SourceQuality "1"]

1. d4 Nf6 2. c4 e6 3. Nc3 Bb4 4. e3 0-0 5. Bd3 c5 6. Nge2 d5 7. cxd5 cxd4 8. exd4 Nxd5 9. 0-0 Nc6 10. Nxd5 exd5 11. Nf4 Re8 12. Be3 Bd6 13. Nxd5 Bxh2+ 14. Kxh2 Qxd5 15. Qb3 Qxb3 16. axb3 Be6 17. Rfc1 Red8 18. Rc3 Nxd4 19. Be4 Nxb3 20. Ra4 a5 21. Bxb7 Rab8 22. Ba6 h6 23. Bf4 Rb4 24. Rxb4 axb4 25. Rc6 1/2-1/2

[Event "BI-2015-P-0000"]
[Site "LSS email"]
[Date "2015.04.16"]
[Round "?"]
[White "Sierzega, Jan"]
[Black "Kazimierski, Tomasz"]
[Result "1/2-1/2"]
[WhiteElo "1214"]
[BlackElo "2131"]
[PlyCount "58"]
[EventDate "2015.04.22"]
[EventType "tourn (corr)"]
[EventRounds "10"]
[EventCountry "GER"]
[SourceTitle "Corr 2022"]
[Source "ChessBase"]
[SourceDate "2021.10.24"]
[SourceVersion "1"]
[SourceVersionDate "2021.10.24"]
[SourceQuality "1"]

1. e4 e6 2. d4 d5 3. Nd2 c5 4. exd5 exd5 5. Ngf3 Nf6 6. Bb5+ Bd7 7. Bxd7+ Nbxd7 8. 0-0 Be7 9. dxc5 Nxc5 10. Nb3 Ne6 11. Nfd4 0-0 12. Re1 Nxd4 13. Nxd4 Re8 14. Be3 Qb6 15. Nb3 Qc7 16. Bd4 b6 17. c3 Qc6 18. Qd3 Ne4 19. g3 h6 20. Re2 Rad8 21. Rae1 Bf8 22. Nd2 Nxd2 23. Qxd2 Re4 24. f3 Rxe2 25. Rxe2 Bc5 26. Bf2 d4 27. Qd3 Qd7 28. cxd4 Bxd4 29. Bxd4 Qxd4+ 1/2-1/2

[Event "BI-2015-P-0000"]
[Site "LSS email"]
[Date "2015.04.16"]
[Round "?"]
[White "Sierzega, Jan"]
[Black "Linart, Ludvik"]
[Result "1-0"]
[WhiteElo "1214"]
[BlackElo "1474"]
[PlyCount "71"]
[EventDate "2015.04.22"]
[EventType "tourn (corr)"]
[EventRounds "10"]
[EventCountry "GER"]
[SourceTitle "Corr 2022"]
[Source "ChessBase"]
[SourceDate "2021.10.24"]
[SourceVersion "1"]
[SourceVersionDate "2021.10.24"]
[SourceQuality "1"]

1. e4 e5 2. Nf3 Nc6 3. Bb5 a6 4. Ba4 Nf6 5. 0-0 b5 6. Bb3 Be7 7. Re1 0-0 8. c3 d5 9. exd5 Nxd5 10. Nxe5 Nxe5 11. Rxe5 Bb7 12. d4 Bf6 13. Re1 Re8 14. Nd2 b4 15. c4 Nf4 16. d5 Rxe1+ 17. Qxe1 Nd3 18. Qe3 Nxc1 19. Rxc1 Bxb2 20. Rb1 Bf6 21. Ne4 a5 22. Rd1 Be7 23. c5 a4 24. Bc4 Qf8 25. d6 cxd6 26. cxd6 Bd8 27. d7 Bxe4 28. Qxe4 Bg5 29. h4 Bf6 30. Qc6 Be7 31. Re1 Rd8 32. Qxa4 h6 33. h5 Kh8 34. Qc6 Kg8 35. Re5 Kh8 36. Bd3 1-0

[Event "BI-2015-P-0000"]
[Site "LSS email"]
[Date "2015.04.16"]
[Round "?"]
[White "Wantoch Rekowski, Jacek"]
[Black "Sierzega, Jan"]
[Result "1/2-1/2"]
[WhiteElo "1792"]
[BlackElo "1214"]
[PlyCount "114"]
[EventDate "2015.04.22"]
[EventType "tourn (corr)"]
[EventRounds "10"]
[EventCountry "GER"]
[SourceTitle "Corr 2022"]
[Source "ChessBase"]
[SourceDate "2021.10.24"]
[SourceVersion "1"]
[SourceVersionDate "2021.10.24"]
[SourceQuality "1"]

1. e4 c6 2. Nf3 d5 3. Nc3 dxe4 4. Nxe4 Nf6 5. Nxf6+ exf6 6. Bc4 Bd6 7. Qe2+ Qe7 8. Qxe7+ Kxe7 9. 0-0 Re8 10. Re1+ Kf8 11. Rxe8+ Kxe8 12. d4 Bf5 13. c3 Nd7 14. Bd2 Nb6 15. Bf1 Be6 16. b3 a5 17. c4 a4 18. Re1 axb3 19. axb3 Be7 20. Bd3 Ra3 21. Bc2 Kd7 22. Bc1 Ra2 23. Be4 Nc8 24. d5 cxd5 25. cxd5 Bg4 26. Nd4 Bb4 27. Rf1 Nd6 28. Bxh7 g6 29. f3 Bf5 30. h4 Ra8 31. h5 Rh8 32. hxg6 fxg6 33. g4 Bc5 34. Be3 Bd3 35. Rd1 Be2 36. Re1 Nb5 37. Nf5 Bxf3 38. Bxg6 Bb4 39. Kf2 Bxe1+ 40. Kxf3 Bc3 41. Bf7 Nc7 42. Ke4 Rh1 43. Kd3 Be5 44. Ke4 Bb2 45. b4 Rb1 46. Bc5 Ba1 47. Kd3 b6 48. Bxb6 Rb3+ 49. Kc2 Rxb4 50. Bxc7 Kxc7 51. Be6 Be5 52. Nh6 Rc4+ 53. Kd3 Rd4+ 54. Ke3 Rb4 55. Nf7 Bd6 56. Kf3 Be7 57. Kg3 Ra4 1/2-1/2

[Event "RN-2015-0-00954"]
[Site "LSS email"]
[Date "2015.04.08"]
[Round "?"]
[White "Bester, Kazimierz"]
[Black "Sierzega, Jan"]
[Result "0-1"]
[WhiteElo "662"]
[BlackElo "800"]
[PlyCount "68"]
[EventDate "2015.04.02"]
[EventType "tourn (corr)"]
[EventRounds "6"]
[EventCountry "GER"]
[SourceTitle "Corr 2022"]
[Source "ChessBase"]
[SourceDate "2021.10.24"]
[SourceVersion "1"]
[SourceVersionDate "2021.10.24"]
[SourceQuality "1"]

1. f4 e5 2. d3 Nc6 3. Nf3 exf4 4. Bxf4 Nf6 5. Bg3 d5 6. e3 Bb4+ 7. c3 Bd6 8. Bxd6 Qxd6 9. Be2 Ng4 10. Qd2 Qe7 11. 0-0 Qxe3+ 12. Qxe3+ Nxe3 13. Nbd2 Nxf1 14. Bxf1 0-0 15. d4 Bd7 16. Nb3 b6 17. Bd3 Rae8 18. Ng5 f5 19. Rf1 h6 20. Nh3 g5 21. a3 f4 22. Bg6 Re2 23. Rf2 Re3 24. Nd2 f3 25. Nf1 Re1 26. Bd3 g4 27. gxf3 gxh3 28. f4 Rf7 29. f5 Ne5 30. dxe5 Rg7+ 31. Kh1 Bc6 32. Rf4 d4+ 33. Be4 Bxe4+ 34. Rxe4 Rxf1# 0-1

[Event "RN-2015-0-00942"]
[Site "LSS email"]
[Date "2015.03.15"]
[Round "?"]
[White "Lebduska, Daniel"]
[Black "Sierzega, Jan"]
[Result "0-1"]
[WhiteElo "529"]
[BlackElo "800"]
[PlyCount "32"]
[EventDate "2015.03.05"]
[EventType "tourn (corr)"]
[EventRounds "6"]
[EventCountry "GER"]
[SourceTitle "Corr 2022"]
[Source "ChessBase"]
[SourceDate "2021.10.24"]
[SourceVersion "1"]
[SourceVersionDate "2021.10.24"]
[SourceQuality "1"]

1. e4 e6 2. Nf3 d5 3. e5 c5 4. d4 Nc6 5. Be3 cxd4 6. Bxd4 Nh6 7. Bb5 Bd7 8. Be3 Ng4 9. Bd2 Bc5 10. 0-0 Nxf2 11. Rxf2 Bxf2+ 12. Kxf2 Qb6+ 13. Nd4 Qxd4+ 14. Kf1 0-0 15. Bxc6 Bxc6 16. Bc3 Qxd1+ 0-1

[Event "RN-2015-0-00942"]
[Site "LSS email"]
[Date "2015.03.14"]
[Round "?"]
[White "Sierzega, Jan"]
[Black "Lainez, Jorge"]
[Result "1-0"]
[WhiteElo "800"]
[BlackElo "956"]
[PlyCount "23"]
[EventDate "2015.03.05"]
[EventType "tourn (corr)"]
[EventRounds "6"]
[EventCountry "GER"]
[SourceTitle "Corr 2022"]
[Source "ChessBase"]
[SourceDate "2021.10.24"]
[SourceVersion "1"]
[SourceVersionDate "2021.10.24"]
[SourceQuality "1"]

1. e4 d6 2. d4 b6 3. Nf3 c5 4. dxc5 bxc5 5. Qd5 Qa5+ 6. Nc3 Qc7 7. Qxa8 Nf6 8. Nb5 Qb6 9. Nxa7 e5 10. Nxc8 Nxe4 11. Nxb6 Be7 12. Bb5+ 1-0

[Event "OP-2015-0-03663"]
[Site "LSS email"]
[Date "2015.03.05"]
[Round "?"]
[White "Garcia, Juan Jose"]
[Black "Sierzega, Jan"]
[Result "0-1"]
[WhiteElo "1183"]
[BlackElo "800"]
[PlyCount "60"]
[EventDate "2015.03.01"]
[EventType "tourn (corr)"]
[EventRounds "4"]
[EventCountry "GER"]
[SourceTitle "Corr 2022"]
[Source "ChessBase"]
[SourceDate "2021.10.24"]
[SourceVersion "1"]
[SourceVersionDate "2021.10.24"]
[SourceQuality "1"]

1. e4 c5 2. Nf3 e6 3. d4 cxd4 4. Nxd4 a6 5. Bd3 Bc5 6. Nb3 Be7 7. 0-0 d6 8. c4 Nf6 9. Nc3 b6 10. f4 Nbd7 11. Qe2 Bb7 12. e5 dxe5 13. fxe5 Nxe5 14. Qxe5 Qxd3 15. Qc7 Qd7 16. Qxb6 0-0 17. Bg5 Bd8 18. Qf2 Ng4 19. Qh4 f5 20. Rad1 Qc6 21. Rd2 Bb6+ 22. c5 Bxc5+ 23. Nxc5 Qxc5+ 24. Kh1 h6 25. Be7 Qc4 26. Rfd1 Rf7 27. Rd7 Qc6 28. R1d2 Re8 29. h3 Ne3 30. Rd8 Rxd8 0-1